00442 a2200133 4500040001300000082001200013100002300025245006400048250000800112260004900120300003600169500005000205650005300255 aDLCbDLC a327.101 aKegley, Charles W. aWorld Politics: Trend and TransformationcCharles W. Kegley a9th aIslamabad:bNational Book Foundation,c2004. axviii, 633 p. :bill. ;c27 cm. aIncludes bibliographical references and index a.International relations.2.World politics, 1989.